Atmosphere, climate, and change /

Bibliographic Details
Main Author: Graedel, T. E.
Other Authors: Crutzen, Paul J., 1933-
Format: Book
Language:English
Published: New York : Scientific American Library ; [1995]
Series:Scientific American Library series ; no. 55.
Subjects:

MARC

Tag First Indicator Second Indicator Subfields
LEADER 00000cam a22000008a 4500
001 in00001228521
005 20151003051505.0
008 941020s1995 nyua b 001 0 eng
010 |a  94023797  
020 |a 071675049X 
035 |a (OCoLC)31435589 
035 |9 AGR1999AM 
040 |a DLC  |c DLC  |d RIC  |d OBE  |d UtOrBLW 
049 |a TXAM 
050 0 0 |a QC981  |b .G63 1995 
082 0 0 |a 551.6  |2 20 
100 1 |a Graedel, T. E. 
245 1 0 |a Atmosphere, climate, and change /  |c Thomas E. Graedel and Paul J. Crutzen. 
263 |a 9412 
264 1 |a New York :  |b Scientific American Library ;  |c [1995] 
264 2 |a New York :  |b Distributed by W.H. Freeman, 
264 4 |c ©1995 
300 |a ix, 196 pages :  |b illustrations (some color) ;  |c 25 cm. 
336 |a text  |b txt  |2 rdacontent 
337 |a unmediated  |b n  |2 rdamedia 
338 |a volume  |b nc  |2 rdacarrier 
490 1 |a Scientific American Library series,  |v no. 55 
504 |a Includes bibliographical references (pages [177]-182) and index. 
650 0 |a Climatology. 
650 0 |a Atmospheric chemistry. 
700 1 |a Crutzen, Paul J.,  |d 1933- 
830 0 |a Scientific American Library series ;  |v no. 55. 
999 |a MARS 
999 f f |s 311ba26c-922d-3392-b5ac-c8745477a214  |i 92dae38c-5393-340d-be14-5a56420a61f7  |t 0 
952 f f |p ric  |a Texas A&M University  |b Rellis Campus  |c Joint Library Facility  |s JLF  |d Remote Storage  |t 0  |e QC981 .G63 1995  |h Library of Congress classification  |i unmediated -- volume  |m A14819109672 
998 f f |a QC981 .G63 1995  |t 0  |l Remote Storage